banner-ar

انتفاضات ام ثورات فى تاريخ مصر الحديث / (Record no. 60939)

MARC details
000 -الفاتح
حقل البيانات ثابتة الطول 01109nam a22002657a 4500
005 - وقت وتاريخ اخر تعامل مع التسجيلة
رقم الضبط 20240530110435.0
008 - عناصر البيانات ثابتة الطول - معلومات عامة
حقل البيانات ثابتة الطول 150401s2011 ua f b 000 0 ara d
017 ## - رقم الايداع القانونى
رقم الايداع القانونى 2011/7531
المصدر ( الهيئة المختصة) مصر . دار الكتب المصرية
020 ## - الرقم الدولى المعيارى للكتب
الرقم الدولى المعيارى للكتاب 9789770930243
040 ## - مصدر الفهرسة
وكالة الفهرسة الأصلية EG-CaGPL
082 04 - رقم تصنيف ديوى العشرى
رقم الطبعة 21
رقم التصنيف 962
رقم المادة ق/م أ
100 0# - المدخل الرئيسى - إسم شخصى
الإسم الشخصى محمد حافظ دياب
245 10 - بيان العنوان
العنوان انتفاضات ام ثورات فى تاريخ مصر الحديث /
بيان المسئوليه,etc محمد حافظ دياب ؛ تقديم لطيفة محمد سالم
250 ## - بيان الطبعة
بيان الطبعة ط1
260 ## - PUBLICATION, DISTRIBUTION, ETC. (IMPRINT)
تاريخ النشر أو التوزيع 2011.
300 ## - الوصف المادى
التعداد 236 ص ؛
أبعاد الوعاء 24 سم.
504 ## - تبصرة ببليوجرافية
تبصرة ببليوجرافية,الخ يشتمل على ارجاعات ببليوجرافية
651 04 - المدخل الاضافى بالموضوع - اسم جغرافى
الاسم الجغرافي مصر
التقسيم الفرعي العام الاحوال السياسية
651 04 - المدخل الاضافى بالموضوع - اسم جغرافى
الاسم الجغرافي مصر
التقسيم الفرعي العام تاريخ
-- الثورات
التقسيم الفرعي الزمني ثورة 25 يناير
651 04 - المدخل الاضافى بالموضوع - اسم جغرافى
الاسم الجغرافي مصر
التقسيم الفرعي العام تاريخ
التقسيم الفرعي الزمني العصر الحديث
-- حسنى مبارك ( 1981 - .... )
651 04 - المدخل الاضافى بالموضوع - اسم جغرافى
الاسم الجغرافي مصر
التقسيم الفرعي العام الاحوال الاجتماعية
700 0# - المدخل الاضافى - اسم شخصى
الإسم الشخصى لطيفة محمد سالم
الدور مقدم
942 ## - عناصر المدخل الإضافي( كوها)
مصدر التصنيف او مخطط الترفيف Dewey Decimal Classification
Koha [default] item type كتاب
260 ## - PUBLICATION, DISTRIBUTION, ETC. (IMPRINT)
-- القاهرة :
-- دار الشروق ،
Holdings
حالة التراجع حالة الفقد حالة تلف ليس للاعارة المكان المؤقت الموقع الحالى تاريخ الاكتساب اجمالي اﻻعارات رقم الطلب الباركود تاريخ اخر مشاهدة تاريخ تفعيل السعر نوع وعاء كوها
        مكتبة القاهرة الكبرى مكتبة القاهرة الكبرى 04/08/2015   962 ق/م أ 160134 04/08/2015 04/08/2015 كتاب

Powered By

EGPV